000
00321nam a2200133Ia 4500
005
20251222155047.0
008
251222s9999||||xx |||||||||||||| ||spa||
082
_a
ETI. 16
100
_a
ARCUSA, Eduard.
245
0
_a
Cien Casos de Deontologia Médica
250
_a
3ra. ed.
264
_b
Inst. Diocesano
942
_c
LIB
999
_c
37130
_d
37130